Quel est le nom de l'animé selon l'antagoniste - Statistiques

Statistiques générales
  • Ce quiz a été pris 216 fois
  • Le résultat moyen est 9 sur 12
Statistiques - réponses
Par images Réponse % Correct
One Piece
98%
Hunter X Hunter
96%
Dragon Ball
94%
My hero Academia
92%
Demon Slayer
90%
L'attaque des titans
85%
Tokyo Revengers
74%
Dr Stone
72%
One Punch Man
66%
Solo Leveling
60%
Fire Force
55%
Kaiju No 8
24%
Aucun quiz correspondant
Distribution des résultats
% des personnes avec chaque résultat
Percentile par nombre de réponses
Votre historique - résultats
Vous n’avez pas pris ce quiz